|
|
|
|
| LEADER |
00000cam a22000004a 4500 |
| 001 |
musev2_70935 |
| 003 |
MdBmJHUP |
| 005 |
20230905051318.0 |
| 006 |
m o d |
| 007 |
cr||||||||nn|n |
| 008 |
080407s2005 ncu o 00 0 eng d |
| 020 |
|
|
|a 9780822386940
|
| 020 |
|
|
|z 9780822335467
|
| 020 |
|
|
|z 9780822335344
|
| 035 |
|
|
|a (OCoLC)1125512768
|
| 040 |
|
|
|a MdBmJHUP
|c MdBmJHUP
|
| 100 |
1 |
|
|a Weiss, Peter,
|d 1916-1982,
|e author.
|
| 240 |
1 |
0 |
|a Aesthetik des Widerstands.
|n Volume 1.
|l English
|
| 245 |
1 |
4 |
|a The Aesthetics of Resistance, Volume I :
|b A Novel, Volume 1 /
|n Volume 1 /
|c Peter Weiss ; translated by Joachim Neugroschel ; with a foreword by Fredric Jameson and a glossary by Robert Cohen.
|n Volume 1 /
|
| 264 |
|
1 |
|a Durham :
|b Duke University Press,
|c [2005]
|
| 264 |
|
3 |
|a Baltimore, Md. :
|b Project MUSE,
|c 2020
|
| 264 |
|
4 |
|c ©[2005]
|
| 300 |
|
|
|a 1 online resource (376 pages).
|
| 336 |
|
|
|a text
|b txt
|2 rdacontent
|
| 337 |
|
|
|a computer
|b c
|2 rdamedia
|
| 338 |
|
|
|a online resource
|b cr
|2 rdacarrier
|
| 505 |
0 |
|
|a Foreword: A Monument to Radical Instants / by Fredric Jameson -- The Aesthetics of Resistance, volume 1 -- Glossary, by Robert Cohen.
|
| 520 |
|
|
|a Regarded by many as one of the leading works of this century, this novel documents the resistance to fascism in Europe (and within Germany) during WWII.
|
| 546 |
|
|
|a Translated from the German.
|
| 588 |
|
|
|a Description based on print version record.
|
| 600 |
1 |
0 |
|a Weiss, Peter,
|d 1916-1982.
|t Ästhetik des Widerstands.
|
| 630 |
0 |
7 |
|a Ästhetik des Widerstands (Weiss, Peter)
|2 fast
|0 (OCoLC)fst01367409
|
| 655 |
|
7 |
|a Electronic books.
|2 local
|
| 700 |
1 |
|
|a Neugroschel, Joachim,
|e translator.
|
| 710 |
2 |
|
|a Project Muse.
|e distributor
|
| 830 |
|
0 |
|a Book collections on Project MUSE.
|
| 856 |
4 |
0 |
|z Texto completo
|u https://projectmuse.uam.elogim.com/book/70935/
|
| 945 |
|
|
|a Project MUSE - Custom Collection
|